Main Characters of Warrior Cats 3rd and 4th Series Quiz Stats

 Plays Quiz not verified by Sporcle

Score 0/36 Timer 02:00
0 Plays Today
Hint Answer % Correct
Blind Grumpy Medicine CatJayfeather
92%
Fire will save the ClanFirestar
90%
Not Actually Part of the ThreeHollyleaf
86%
ThunderClan Medicine CatLeafpool
86%
Strong WarriorLionblaze
84%
Father of the ThreeCrowfeather
84%
ThunderClan DeputyBrambleclaw
80%
Other RiverClan LeaderMistystar
80%
Not Actual Mother of the ThreeSquirrelflight
80%
WindClan Warrior that found tunnelsHeathertail
74%
RiverClan LeaderLeopardstar
74%
Dark Forest SpyIvypool
74%
WindClan LeaderOnestar
72%
Wanted to live with TribeStormfur
72%
Jealous of Brambleclaw and SquirrelflightAshfur
70%
From TribeBrook
70%
The Fourth ApprenticeDovewing
70%
ShadowClan LeaderBlackstar
66%
Hint Answer % Correct
Other Leader of Dark ForestTigerstar
66%
Grumpy WindClan WarriorBreezepelt
62%
CinderpeltCinderheart
60%
Leader of Dark ForestBrokenstar
50%
Old Dark Forest WarriorMapleshade
42%
Old Cat that lived at Lake long time agoRock
40%
BadgerMidnight
38%
Tribe Leader/HealerStoneteller
36%
RiverClan Medicine Cat; Doesn't believe in StarclanMothwing
28%
WindClan DeputyAshfoot
28%
Accused JayfeatherDawnpelt
26%
Predicted Sun vanishingSol
24%
ShadowClan DeputyRussetfur
22%
Other ShadowClan DeputyRowanclaw
22%
Became close to DovewingTigerheart
22%
ShadowClan Medicine CatFlametail
20%
Tigerstar's daughterTawnypelt
20%
RiverClan DeputyReedwhisker
18%

You're not logged in!

Compare scores with friends on all Sporcle quizzes.
OR
Log In

Sporcle TV

Today on Sporcle TV


Watch our educational content, quiz creation guides, and fun videos on Sporcle TV.

Show Comments

Extras

Created Sep 9, 2019ReportNominate
Tags:3rd, 4th, cat, character, warrior, Warrior Cats

Top Quizzes Today


Score Distribution

Your Account Isn't Verified!

In order to create a playlist on Sporcle, you need to verify the email address you used during registration. Go to your Sporcle Settings to finish the process.

Report this User

Report this user for behavior that violates our Community Guidelines.

Details: